Elevations in Florida. (Record no. 28352)

MARC details
000 -LEADER
fixed length control field 00686cam a22002291 4500
001 - CONTROL NUMBER
control field gs 49000100
003 - CONTROL NUMBER IDENTIFIER
control field DLC
005 - DATE AND TIME OF LATEST TRANSACTION
control field 20260227111355.0
008 - FIXED-LENGTH DATA ELEMENTS--GENERAL INFORMATION
fixed length control field 750610s1948 xx 000 0 eng
010 ## - LIBRARY OF CONGRESS CONTROL NUMBER
LC control number gs 49000100
035 ## - SYSTEM CONTROL NUMBER
System control number (OCoLC)1383718
040 ## - CATALOGING SOURCE
Original cataloging agency DLC
Transcribing agency FM
Modifying agency DLC
042 ## - AUTHENTICATION CODE
Authentication code premarc
050 00 - LIBRARY OF CONGRESS CALL NUMBER
Classification number QE99
Item number .A3 no. 32
082 ## - DEWEY DECIMAL CLASSIFICATION NUMBER
Classification number 557.59
100 1# - MAIN ENTRY--PERSONAL NAME
Personal name Gunter, Herman,
Dates associated with a name 1885-
245 10 - TITLE STATEMENT
Title Elevations in Florida.
Statement of responsibility, etc. By Herman Gunter, director, and staff memebers, Florida Geological Survey.
260 ## - PUBLICATION, DISTRIBUTION, ETC.
Place of publication, distribution, etc. Tallahassee,
Date of publication, distribution, etc. 1948.
300 ## - PHYSICAL DESCRIPTION
Extent xxiii, 1158 p.
Dimensions 24 cm.
490 1# - SERIES STATEMENT
Series statement Florida. Geological Survey. Geological bulletin
Volume/sequential designation no. 32
651 #0 - SUBJECT ADDED ENTRY--GEOGRAPHIC NAME
Geographic name Florida
General subdivision Altitudes.

No items available.

Powered by Koha